000 00582nam a22001937a 4500
003 OSt
005 20250424124047.0
008 250424s2023 ag ||||| |||| 00| 0 spa d
020 _a9789870610564
040 _cbesoc
100 1 _aNúñez, Pedro
_eautor
245 1 0 _aHoy es mañana :
_breflexiones sobre tiempo, escuela y jóvenes /
_cPedro Núñez
250 _a1a ed.
260 _aBuenos Aires :
_bAique,
_c2023
300 _a204 p.
490 0 _aPolítica y educación / dirigida por Roxana Perazza
650 4 _aEscuela
_xVínculos
_xEducación secundaria
942 _2udc
_cOG
_n0
999 _c474
_d474